Normal view
MARC view
- Sana Iftikhar Amna Arif Khadija Tul Kubra Amanullah Naseer
Entry Personal Name
001 - CONTROL NUMBER
- control field: 119513
003 - CONTROL NUMBER IDENTIFIER
- control field: NUST
005 - DATE AND TIME OF LATEST TRANSACTION
- control field: 20231206165339.0
008 - FIXED-LENGTH DATA ELEMENTS
- fixed length control field: 231206|| aca||aabn | a|a d
040 ## - CATALOGING SOURCE
- Original cataloging agency: NUST
- Transcribing agency: NUST
100 ## - HEADING--PERSONAL NAME
- Personal name: Sana Iftikhar Amna Arif Khadija Tul Kubra Amanullah Naseer
670 ## - SOURCE DATA FOUND
- Source citation: Work cat.: (NUST): Sana Iftikhar Amna Arif Khadija Tul Kubra Amanullah Naseer, PR-SOF-2219-Air Quality Monitoring System Using LoRaWAN and Helium Network, 2023.
